| Tag |
First Indicator |
Second Indicator |
Subfields |
| LEADER |
00000cam a2200000 4500 |
| 001 |
in00000250013 |
| 005 |
20151010055505.0 |
| 008 |
780920s1917 okua 00010 eng d |
| 010 |
|
|
|a gs 18000163
|
| 035 |
|
|
|a (OCoLC)04240535
|
| 035 |
|
|
|9 ABD0811AM
|
| 040 |
|
|
|a UUM
|c UUM
|d TXA
|d UtOrBLW
|
| 049 |
|
|
|a TXAM
|c [55361]
|
| 090 |
|
|
|a QE153
|b .A2 no. 26
|
| 100 |
1 |
|
|a Cullen, John.
|
| 245 |
1 |
0 |
|a Lime resources and industry in Oklahoma /
|c by John Cullen.
|
| 264 |
|
1 |
|a Norman,
|b [publisher not identified] ;
|c 1917.
|
| 300 |
|
|
|a 70 pages :
|b illustrations
|
| 336 |
|
|
|a text
|b txt
|2 rdacontent
|
| 337 |
|
|
|a unmediated
|b n
|2 rdamedia
|
| 338 |
|
|
|a volume
|b nc
|2 rdacarrier
|
| 490 |
1 |
|
|a Oklahoma. Geological Survey. Bulletin,
|v no. 26
|
| 650 |
|
0 |
|a Lime
|z Oklahoma.
|
| 830 |
|
0 |
|a Bulletin (Oklahoma Geological Survey) ;
|v 26.
|
| 999 |
|
|
|a MARS
|
| 999 |
f |
f |
|s 6233c434-78a6-37c1-b807-d763663a6945
|i 6eeb7658-9f9d-3eca-80d0-30b0b6c5db65
|t 0
|
| 952 |
f |
f |
|p ric
|a Texas A&M University
|b Rellis Campus
|c Joint Library Facility
|d Remote Storage
|t 0
|e QE153 .A2 no. 26
|h Library of Congress classification
|i unmediated -- volume
|m A14804769988
|
| 998 |
f |
f |
|a QE153 .A2 no. 26
|t 0
|l Remote Storage
|